Teaching practice: (Record no. 152740)

MARC details
000 -LEADER
fixed length control field 00943nam a22002297a 4500
003 - CONTROL NUMBER IDENTIFIER
control field dpl
005 - DATE AND TIME OF LATEST TRANSACTION
control field 20180620131621.0
008 - FIXED-LENGTH DATA ELEMENTS--GENERAL INFORMATION
fixed length control field 180620b xxu||||| |||| 00| 0 eng d
010 ## - LIBRARY OF CONGRESS CONTROL NUMBER
LC control number B-216528
020 ## - INTERNATIONAL STANDARD BOOK NUMBER
Terms of availability 0.00
035 ## - SYSTEM CONTROL NUMBER
System control number B-216528
037 ## - SOURCE OF ACQUISITION
Source of stock number/acquisition BPPD / PUB
040 ## - CATALOGING SOURCE
Transcribing agency 0
082 14 - DEWEY DECIMAL CLASSIFICATION NUMBER
Classification number 372.86 YOG
100 ## - MAIN ENTRY--PERSONAL NAME
Personal name Singh, Yogesh Kumar
245 1# - TITLE STATEMENT
Title Teaching practice:
Statement of responsibility, etc by yogesh kumar singh
Remainder of title lesson planning /
Medium EN
260 ## - PUBLICATION, DISTRIBUTION, ETC. (IMPRINT)
Place of publication, distribution, etc New Delhi
Name of publisher, distributor, etc A P H Publishing Corporation
Date of publication, distribution, etc 2007
270 ## - ADDRESS
Address 4435-36/7, Ansaei road, Daryaganj
City New Delhi
Postal code 110 002
300 ## - PHYSICAL DESCRIPTION
Extent ix, 313p;
Dimensions 23cm (Hb)
500 ## - GENERAL NOTE
General note Modified syllabus for B.T.C / B.Ed./ M.Ed & M.A. (Education) of indian and Foreign Universities/ training and techinical insititute & Technical Institure & Education Colleges Recognized by National Council of Teacher Education/National Council of Technical Education, New Delhi
942 ## - ADDED ENTRY ELEMENTS (KOHA)
Institution code [OBSOLETE] dpl
Koha item type English Books
Source of classification or shelving scheme Dewey Decimal Classification
Classification part 372.86
Call number suffix YOG
Holdings
Withdrawn status Lost status Source of classification or shelving scheme Damaged status Not for loan Collection code Home library Current library Date acquired Source of acquisition Cost, normal purchase price Total Checkouts Total Renewals Full call number Barcode Date last seen Date checked out Cost, replacement price Price effective from Koha item type
    Dewey Decimal Classification     Non-fiction Shahdara Branch Shahdara Branch 15/06/2018 BPPD/PUB 0.00 2 2 372.86 YOG B-216528 16/08/2019 25/07/2019 0.00 15/06/2018 English Books

© Delhi Public Library
Hit Counter
free hit counter